| 000 | 01467nam a2200325 c 4500 | ||
|---|---|---|---|
| 999 |
_c200118 _d200118 |
||
| 003 | BLK | ||
| 005 | 20241025005440.0 | ||
| 008 | 180411b bul|||||r ||||||| ||bul|| | ||
| 010 | _aKNG00209534000 | ||
| 040 | _aBLK | ||
| 041 |
_aBUL _cBUL |
||
| 080 |
_aБългарска литература _b821.163.2 _x(081) _z821.163.2(081) |
||
| 080 |
_aБългарска литература _b821.163.2 _x-3 _z821.163.2-3 |
||
| 100 |
_aЙовков, Йордан Стефанов _d1880-1937 _gПисател класик - белетрист, драматург, майстор на късия разказ _9363298 |
||
| 139 |
_aЙовков, Йордан Стефанов _bИ 77 |
||
| 245 | 1 | 0 |
_aСъчинения _bВ 2 т. - _cЙордан Стефанов Йовков; подб. и ред. Симеон Стефанов Султанов. _nТ. 1 _pЗемляци |
| 257 | _aBGR | ||
| 260 |
_bБълг. писател _c1989 |
||
| 300 | _c21 см | ||
| 380 | _aX | ||
| 700 | 1 |
_aСултанов, Симеон Стефанов _9369067 |
|
| 760 | 1 |
_aЙовков, Йордан Стефанов _d1989 _h543 с. _nСъдържа и Край Места ; Те победиха ; Песента на колелетата. _tТ. 1 Земляци |
|
| 852 | _aЦб 160607 | ||
| 856 | 4 | _qpdf | |
| 856 | 4 | _qpdf | |
| 942 |
_cKNG _n0 _s1 |
||
| 944 |
_aCR _c13.07.2017 _k _lCRON CRON |
||
| 944 |
_aED _c13.07.2017 _kНаталия_Любомирова |
||
| 999 | _d200118 | ||